[Event "AUTO-INT-1683"]
[Site "http://www.queenalice.com/game.php?id=766627"]
[Date "2010.4.26"]
[Round "1"]
[White "hooligan"]
[Black "fernandobozons"]
[Result "0-1"]
[WhiteElo "1373"]
[BlackElo "1624"]

1. e4 e5 2. d3 d5 3. f3 dxe4 4. fxe4 Nf6 5. g3 Nc6 6. a3 Bc5 7. Ne2 Bg4 8. h3
Bxe2 9. Bxe2 Nd4 10. c3 Nxe2 11. Qxe2 Qd6 12. Nd2 O-O-O 13. Nb3 Bb6 14. g4 Qxd3
15. Qd2 Qxe4+ 16. Kd1 Qxh1+ 17. Kc2 Qe4+ 18. Kd1 Rxd2+ 19. Bxd2 Rd8 20. g5 Nh5
21. a4 Nf4 22. h4 Be3 23. a5 Qc4 24. Ra3 Bxd2 25. Nxd2 Qe2+ 26. Kc2 Qxd2+ 27.
Kb3 Nd3 28. a6 Qxb2+ 29. Ka4 Nc5+ 30. Ka5 b6# 0-1

[Event "AUTO-INT-1683"]
[Site "http://www.queenalice.com/game.php?id=766628"]
[Date "2010.4.26"]
[Round "1"]
[White "fernandobozons"]
[Black "hooligan"]
[Result "1-0"]
[WhiteElo "1578"]
[BlackElo "1346"]

1. e4 e5 2. Nf3 d6 3. Nc3 c6 4. Bc4 h6 5. d4 Bg4 6. dxe5 b5 7. Bb3 a5 8. a3 a4
9. Ba2 h5 10. Qd3 Nd7 11. Ng5 f6 12. Bf7+ Ke7 13. exd6# 1-0

[Event "AUTO-INT-1683"]
[Site "http://www.queenalice.com/game.php?id=766645"]
[Date "2010.4.26"]
[Round "1"]
[White "fernandobozons"]
[Black "Garuzinho"]
[Result "1-0"]
[WhiteElo "1728"]
[BlackElo "1497"]

1. e4 e5 2. Nf3 Nc6 3. Bc4 Nf6 4. Nc3 d6 5. Ng5 Be6 6. Bxe6 fxe6 7. Nxe6 Qe7 8.
Nd5 Nxd5 9. exd5 Nd8 10. Qg4 Nxe6 11. dxe6 O-O-O 12. d3 h6 13. Be3 Kb8 14. a4 a6
15. O-O g5 16. b4 Bg7 17. b5 axb5 18. axb5 e4 19. Ba7+ Kc8 20. Bd4 b6 21. Bxg7
Rh7 22. Ra8+ Kb7 23. Rfa1 1-0

[Event "AUTO-INT-1683"]
[Site "http://www.queenalice.com/game.php?id=766646"]
[Date "2010.4.26"]
[Round "1"]
[White "Garuzinho"]
[Black "fernandobozons"]
[Result "0-1"]
[WhiteElo "1504"]
[BlackElo "1721"]

1. e4 e5 2. Nf3 Nc6 3. d4 exd4 4. Nxd4 Nxd4 5. Qxd4 d6 6. Bc4 Nf6 7. Bg5 Be7 8.
O-O O-O 9. Nc3 c5 10. Qe3 Re8 11. h3 a6 12. Rad1 b5 13. Bb3 c4 14. Bxc4 bxc4 15.
e5 Nh5 16. Bxe7 Rxe7 17. Rxd6 Rd7 18. Rfd1 Qe7 19. Nd5 Qd8 20. Nb6 Raa7 21. Nxc8
Rxd6 22. Rxd6 Qxc8 0-1

[Event "AUTO-INT-1683"]
[Site "http://www.queenalice.com/game.php?id=766647"]
[Date "2010.4.26"]
[Round "1"]
[White "fernandobozons"]
[Black "Milton"]
[Result "1-0"]
[WhiteElo "1586"]
[BlackElo "1475"]

1. e4 e5 2. Nf3 Nf6 3. Nxe5 Nxe4 4. Qe2 d5 5. d3 f6 6. dxe4 fxe5 7. Qh5+ g6 8.
Qxe5+ Qe7 9. Qxh8 Qxe4+ 10. Be3 d4 11. Qxd4 Qxc2 12. Bd3 Qc6 13. Nc3 Bh3 14. Be4
Qe6 15. Bxb7 Nc6 16. Bxc6+ Qxc6 17. O-O-O Rb8 18. gxh3 Rd8 19. Qxd8+ Kf7 20.
Qd7+ 1-0

[Event "AUTO-INT-1683"]
[Site "http://www.queenalice.com/game.php?id=766648"]
[Date "2010.4.26"]
[Round "1"]
[White "Milton"]
[Black "fernandobozons"]
[Result "0-1"]
[WhiteElo "1451"]
[BlackElo "1615"]

1. e4 e5 2. Nf3 Nc6 3. Bc4 Be7 4. d3 Nf6 5. Ng5 O-O 6. Nc3 d6 7. Nd5 h6 8. Nxf6+
Bxf6 9. Nxf7 Rxf7 10. Bxf7+ Kxf7 11. O-O Ne7 12. c3 Be6 13. Qh5+ Ng6 14. Re1 Qd7
15. Re3 Bg4 16. Qxg6+ Kxg6 17. Rg3 Kh7 18. h3 Bh5 19. Be3 Rg8 20. b4 b6 21. b5
Qxb5 22. d4 Qd7 23. a4 exd4 24. cxd4 c5 25. d5 Bxa1 26. f4 Bd4 27. Bxd4 cxd4 28.
Rd3 Qxa4 29. f5 Re8 30. g4 Rxe4 31. gxh5 Re1+ 32. Kf2 Ra1 33. Kf3 Qc2 34. Rxd4
Qxf5+ 35. Kg3 Ra3+ 0-1

[Event "Challenge"]
[Site "http://www.queenalice.com/game.php?id=770845"]
[Date "2010.5.5"]
[Round "-"]
[White "joseluisgrilo"]
[Black "fernandobozons"]
[Result "0-1"]
[WhiteElo "1603"]
[BlackElo "1630"]

1. e4 e5 2. d4 exd4 3. Qxd4 Nc6 4. Qd3 Nf6 5. Bd2 Bc5 6. Nf3 d6 7. h3 Be6 8. c3
a6 9. Be3 O-O 10. Ng5 Ne5 11. Qc2 Bxe3 12. fxe3 Nc4 13. Nxe6 fxe6 14. Bxc4 Nh5
15. Bxe6+ Kh8 16. Bc4 Qh4+ 17. Kd1 Rf2 18. Nd2 Ng3 19. Re1 Nxe4 20. Qxe4 Rxd2+
21. Kxd2 Qxe4 22. Bf1 c5 23. g4 Rf8 24. Be2 h6 25. Bd3 Qg2+ 26. Be2 d5 27. Rf1
Rxf1 28. Rxf1 Kg8 29. h4 d4 30. cxd4 cxd4 31. exd4 Qd5 0-1

[Event "Challenge"]
[Site "http://www.queenalice.com/game.php?id=770846"]
[Date "2010.5.5"]
[Round "-"]
[White "fernandobozons"]
[Black "joseluisgrilo"]
[Result "0-1"]
[WhiteElo "1630"]
[BlackElo "1585"]

1. e4 e5 2. Nf3 d6 3. Nc3 Nf6 4. Bc4 Be7 5. d3 O-O 6. Bg5 Nc6 7. d4 h6 8. Bxf6
Bxf6 9. dxe5 Nxe5 10. Nxe5 Bxe5 11. O-O a6 12. Qd3 Qg5 13. Rae1 c6 14. f4 Bxf4
15. Re2 Kh8 16. Ref2 Be3 17. Qxd6 Bh3 18. Qg3 Qxg3 19. hxg3 Bxf2+ 20. Rxf2 Bd7
21. Na4 Be6 22. Bxe6 fxe6 23. Rxf8+ Rxf8 24. Nc5 Rf7 25. Nxe6 b5 26. Nc5 a5 0-1

[Event "Challenge"]
[Site "http://www.queenalice.com/game.php?id=779602"]
[Date "2010.5.23"]
[Round "-"]
[White "fernandobozons"]
[Black "Samelo"]
[Result "1-0"]
[WhiteElo "1694"]
[BlackElo "1635"]

1. e4 c5 2. Bb5 a6 3. Bc4 b5 4. Bd5 Ra7 5. e5 e6 6. Be4 Bb7 7. Bxb7 Rxb7 8. Nf3
d5 9. d4 c4 10. b3 Bb4+ 11. c3 Ba5 12. b4 Bb6 13. a4 Bc7 14. Bg5 f6 15. exf6
Nxf6 16. O-O O-O 17. axb5 axb5 18. Ne5 h6 19. Bh4 Qe8 20. Bxf6 Rxf6 21. Nd2 Nd7
22. Nc6 e5 23. Re1 1-0

[Event "Challenge"]
[Site "http://www.queenalice.com/game.php?id=779724"]
[Date "2010.5.23"]
[Round "-"]
[White "fernandobozons"]
[Black "Milpat"]
[Result "1-0"]
[WhiteElo "1645"]
[BlackElo "1624"]

1. e4 d5 2. exd5 Qxd5 3. Nc3 Qd6 4. Nf3 Nf6 5. d4 a6 6. Bc4 b5 7. Bb3 Bb7 8. O-O
e6 9. Re1 Be7 10. a4 b4 11. Na2 a5 12. c3 Na6 13. Ne5 O-O 14. Nc4 Qd5 15. f3 Qh5
16. Re5 Qh4 17. Bg5 Qxg5 18. Rxg5 Nd5 19. Re5 Bf6 20. Re1 Rfd8 21. Nxa5 bxc3 22.
bxc3 Nxc3 23. Qc2 Bxd4+ 24. Kh1 Bd5 25. Bxd5 Nxd5 26. Rad1 Nab4 27. Nxb4 Nxb4
28. Qxc7 Nd5 29. Qxd8+ 1-0

[Event "Challenge"]
[Site "http://www.queenalice.com/game.php?id=780204"]
[Date "2010.5.24"]
[Round "-"]
[White "fernandobozons"]
[Black "Andrei_78"]
[Result "1-0"]
[WhiteElo "1673"]
[BlackElo "1719"]

1. e4 e5 2. Nf3 d6 3. d4 exd4 4. Qxd4 Nc6 5. Bb5 Bd7 6. Bxc6 Bxc6 7. O-O Qe7 8.
Bd2 h6 9. Nc3 Nf6 10. e5 dxe5 11. Nxe5 Nd7 12. Nxc6 bxc6 13. Rfe1 c5 14. Rxe7+
Kxe7 15. Qe4+ Kd8 16. Qxa8+ Ke7 17. Re1+ Kf6 18. Qf3+ Kg6 19. g4 Kh7 20. Qf5+
Kg8 21. Re8 Nf6 22. Rc8 c6 23. Qxc5 Nd7 24. Qd6 Kh7 25. Qxd7 f6 26. Ne4 c5 27.
Nxf6+ Kg6 28. Qf5+ Kf7 29. Nh7+ Ke7 30. Qxc5+ Kf7 31. Rxf8+ Rxf8 32. Qxf8+ Kg6
33. Qf5# 1-0

[Event "Challenge"]
[Site "http://www.queenalice.com/game.php?id=780515"]
[Date "2010.5.25"]
[Round "-"]
[White "fernandobozons"]
[Black "Samelo"]
[Result "1-0"]
[WhiteElo "1708"]
[BlackElo "1621"]

1. e4 c5 2. Nf3 d6 3. Nc3 a6 4. a3 Nc6 5. Bc4 b5 6. Ba2 e6 7. d3 Nf6 8. O-O Be7
9. Ne2 O-O 10. Ng3 Qc7 11. c3 Bb7 12. b3 d5 13. exd5 exd5 14. Ne2 Rfe8 15. Bf4
Bd6 16. Bxd6 Qxd6 17. Ng3 1-0

[Event "Challenge"]
[Site "http://www.queenalice.com/game.php?id=785979"]
[Date "2010.6.5"]
[Round "-"]
[White "Milpat"]
[Black "fernandobozons"]
[Result "1-0"]
[WhiteElo "1605"]
[BlackElo "1673"]

1. c4 e5 2. Nc3 Bc5 3. Nf3 d6 4. g3 c6 5. Bg2 Nf6 6. O-O a6 7. d4 exd4 8. Nxd4
Bg4 9. h3 Bh5 10. Na4 Ba7 11. Nf5 O-O 12. Nxd6 Bxe2 13. Qxe2 Qxd6 14. Rd1 Qxg3
15. c5 Qh4 16. Nb6 Bxb6 17. cxb6 Nbd7 18. Be3 Rfe8 19. Qc2 Rac8 20. Rd4 Qh5 21.
Rad1 Nxb6 22. Qb3 Nfd5 23. Bc1 Re5 24. Bf3 Qxh3 25. Bxd5 Qh5 26. Bg2 Nd5 27.
Qxb7 Rce8 28. Rf1 Re1 29. Qxc6 Qe5 30. Rxd5 Rxf1+ 31. Bxf1 1-0

[Event "Challenge"]
[Site "http://www.queenalice.com/game.php?id=786435"]
[Date "2010.6.6"]
[Round "-"]
[White "Dedey"]
[Black "fernandobozons"]
[Result "0-1"]
[WhiteElo "1376"]
[BlackElo "1691"]

1. d4 e6 2. Nf3 c5 3. dxc5 Bxc5 4. g3 Nf6 5. Bg2 d5 6. O-O b6 7. c3 Ba6 8. Bg5
h6 9. Bxf6 Qxf6 10. b4 Bd6 11. a4 O-O 12. Nbd2 Qxc3 13. Qc1 Qxc1 14. Raxc1 Bxe2
15. Rfe1 Bxf3 16. Bxf3 Bxb4 17. Red1 Nd7 18. Nc4 Rac8 19. Ne3 Rxc1 20. Rxc1 Bd2
21. Rc7 Ne5 22. Rxa7 Nxf3+ 23. Kg2 Ne1+ 24. Kh3 Ba5 25. Rb7 Nd3 26. f4 Nc5 27.
Rc7 Nxa4 28. Rc1 Nb2 29. Rb1 Nd3 30. Ng4 Rb8 31. Rd1 Nc5 32. Ne5 Ne4 33. Rf1 b5
34. Nd7 Rb7 35. Ne5 b4 0-1

[Event "Challenge"]
[Site "http://www.queenalice.com/game.php?id=798133"]
[Date "2010.7.3"]
[Round "-"]
[White "fernandobozons"]
[Black "TrulyRees"]
[Result "1-0"]
[WhiteElo "1746"]
[BlackElo "871"]

1. e4 Nf6 2. Nc3 g6 3. Bc4 a5 4. Nf3 d6 5. Ng5 Bh6 6. Nxf7 Rf8 7. Nxd8 Kxd8 8.
d4 Bxc1 9. Rxc1 Nc6 10. O-O d5 11. exd5 Bg4 12. Qe1 h5 13. dxc6 bxc6 14. d5 Rb8
15. dxc6 Rxb2 16. f3 Bf5 17. Rd1+ Ke8 18. Be6 Rxc2 19. Bxf5 gxf5 20. Qe6 Rxc3
21. Rb1 Rd3 22. Qxf5 Rh8 23. Rb8+ Kf7 24. Rxh8 Kg7 25. Qxd3 1-0

[Event "Challenge"]
[Site "http://www.queenalice.com/game.php?id=806799"]
[Date "2010.7.22"]
[Round "-"]
[White "Pabl"]
[Black "fernandobozons"]
[Result "1-0"]
[WhiteElo "1106"]
[BlackElo "1735"]

1. e4 e5 2. Nf3 Nc6 3. Bb5 Nd4 4. Nxd4 exd4 5. c3 dxc3 6. Nxc3 c6 7. Ba4 a5 8.
O-O Bd6 9. d4 Ne7 10. Bg5 Qc7 11. e5 Bb4 12. a3 Bxc3 13. bxc3 Nd5 14. Rc1 O-O
15. c4 Nb6 16. c5 Nd5 17. Bc2 b6 18. cxb6 Nxb6 19. Qg4 d6 20. Qh4 g6 21. Bh6 Re8
22. Qf6 1-0

[Event "AUTO-INT-1683"]
[Site "http://www.queenalice.com/game.php?id=809844"]
[Date "2010.7.28"]
[Round "2"]
[White "fernandobozons"]
[Black "Econochess"]
[Result "0-1"]
[WhiteElo "1758"]
[BlackElo "2102"]

1. e4 c5 2. Nf3 g6 3. Bc4 Bg7 4. Nc3 Nc6 5. O-O d6 6. Ng5 e6 7. Qf3 Qxg5 8. d4
Nxd4 9. Bxg5 Nxf3+ 10. gxf3 h6 11. Bf4 Bxc3 12. bxc3 e5 13. Bg3 Bh3 0-1

[Event "AUTO-INT-1683"]
[Site "http://www.queenalice.com/game.php?id=809845"]
[Date "2010.7.28"]
[Round "2"]
[White "Econochess"]
[Black "fernandobozons"]
[Result "1-0"]
[WhiteElo "2104"]
[BlackElo "1756"]

1. d4 e6 2. c4 c5 3. d5 exd5 4. cxd5 Nf6 5. Nc3 Bd6 6. Bg5 h6 7. Bh4 g5 8. Bg3
Bxg3 9. hxg3 d6 10. e4 Qb6 11. Qc2 Bg4 12. f3 Bh5 13. Bb5+ Nbd7 14. Nge2 Bg6 15.
Qb3 1-0